Tom Cruise Movies by Image Quiz Stats

Quiz Updated Jul 31, 2013

Challenge
Share
Tweet
Score 0/24 Timer 08:00
4 Plays Today
Column Movie % Correct
Top Gun
94.3%
Mission: Impossible
90.2%
Cocktail
73.3%
A Few Good Men
71.9%
Risky Business
71.8%
The Last Samurai
71.7%
Interview with the Vampire
68.9%
Valkyrie
66.6%
Born on the Fourth of July
63.8%
Rain Man
62.4%
Minority Report
59.8%
Jerry Maguire
58.8%
Column Movie % Correct
Tropic Thunder
56.2%
Collateral
48.7%
The Color of Money
46.8%
The Outsiders
43.3%
Rock of Ages
41.9%
Far and Away
38.6%
Days of Thunder
35%
Magnolia
34.1%
Eyes Wide Shut
26.8%
Taps
23.2%
Legend
22.7%
All the Right Moves
22.5%

You're not logged in!

Compare scores with friends on all Sporcle quizzes.
Join for Free
OR
Log In

You Might Also Like...

Show Comments

Extras

Top Quizzes Today


Score Distribution

Your Account Isn't Verified!

In order to create a playlist on Sporcle, you need to verify the email address you used during registration. Go to your Sporcle Settings to finish the process.

Report this User

Report this user for behavior that violates our Community Guidelines.

Details: